00574nam a2200181 a 45000010005000000030009000050080041000140200013000550400028000680820018000961000059001142450078001732600033002513000010002845000043002946500028003376500027003658666CO-ViMGA141112s2004 ck r 000 u spa d a01217062 aCO-ViMGAbspacCO-ViMGA04a301.155 O454e1 aOgliastri Uribe, Enrique; Davila L. de Guevara, Carlos10aEstructura de poder y desarrollo en once ciudades intermedias de Colombia aBogotá, cUniandes, c1999 a60.p. aEn : Monografías de Administración14aADMINISTRACION DE PODER14aADMINISTRACION PUBLICA